000
00267nam a22001097a 4500
082
_a
658.2 OWE'M
100
_a
OWENS, RICHARD N
_9
80667
245
_a
MANAGEMENT OF INDUSTRIAL ENTERPRISES
260
_a
ILLINOIS
_b
RICHARD D. IRWIN
_c
1965
300
_a
626P
942
_c
BK
999
_c
585565
_d
585565